LIBRARY & INFORMATION CENTRE, KCAET, TAVANUR

ONLINE PUBLIC ACCESS CATALOGUE (OPAC)

Information & Communication Technology for Agriculture & Rural Development (Record no. 17438)

MARC details
000 -LEADER
fixed length control field 00493nam a22001697a 4500
003 - CONTROL NUMBER IDENTIFIER
control field OSt
008 - FIXED-LENGTH DATA ELEMENTS--GENERAL INFORMATION
fixed length control field 210915b ||||| |||| 00| 0 eng d
020 ## - INTERNATIONAL STANDARD BOOK NUMBER
ISBN 9789380235882
082 ## - DEWEY DECIMAL CLASSIFICATION NUMBER
Classification number 631.30954
Item number SAR/IN
245 ## - TITLE STATEMENT
Title Information & Communication Technology for Agriculture & Rural Development
260 ## - PUBLICATION, DISTRIBUTION, ETC. (IMPRINT)
Place of publication New Delhi
Name of publisher New India Publishing Agency
Year of publication 2011
300 ## - PHYSICAL DESCRIPTION
Number of Pages 368 pages
700 ## - ADDED ENTRY--PERSONAL NAME
Personal name Saravanan,R,
700 ## - ADDED ENTRY--PERSONAL NAME
Personal name Kathiresan,c,
700 ## - ADDED ENTRY--PERSONAL NAME
Personal name Indra Devi,T
942 ## - ADDED ENTRY ELEMENTS (KOHA)
Koha item type Books
Holdings
Withdrawn status Lost status Damaged status Home library Current library Shelving location Date acquired Cost, normal purchase price Full call number Accession Number Koha item type
      KAUAET KAUAET NAHEP-CAAST Project 07/09/2021 2650.00 631.30954 SAR/IN 26039 Books
free website counter